[Event "Oberliga Nord N 0910"]
[Site "Germany"]
[Date "2010.02.28"]
[Round "7.8"]
[White "Wolf, Christoph"]
[Black "Schnock, Stefan"]
[Result "0-1"]
[WhiteElo "1963"]
[BlackElo "2108"]
[PlyCount "96"]
[EventDate "2009.10.18"]
[EventType "team-tourn"]
[EventRounds "9"]
[EventCountry "GER"]
[SourceTitle "EXT 2011"]
[Source "ChessBase"]
[SourceDate "2010.11.26"]
[SourceVersion "1"]
[SourceVersionDate "2010.11.26"]
[SourceQuality "1"]
[WhiteTeam "Neukloster"]
[BlackTeam "Hamburger SK"]
[WhiteTeamCountry "GER"]
[BlackTeamCountry "GER"]

1. Nf3 Nc6 2. d4 d5 3. Bf4 Bg4 4. e3 e6 5. Be2 Bd6 6. Bg3 Nf6 7. Nbd2 0-0 8. 0-0 Na5 9. a3 Bxg3 10. hxg3 b6 11. b4 Nb7 12. Ne5 Bxe2 13. Qxe2 c5 14. bxc5 bxc5 15. Rab1 Qc7 16. c3 c4 17. Qd1 Nd6 18. Rb4 Rfb8 19. Qa4 a5 20. Rbb1 Nfe4 21. Nxe4 Nxe4 22. Qc2 f6 23. Nf3 Qd6 24. Nd2 Nxd2 25. Qxd2 Qxa3 26. e4 a4 27. exd5 exd5 28. Qf4 Rb3 29. Qc7 Qf8 30. Qc6 Qd8 31. Ra1 a3 32. Rfe1 h6 33. Re6 Kh7 34. Rd6 Qa5 35. Rxd5 Qxc3 36. Qxa8 Qxa1+ 37. Kh2 Rb1 38. g4 Rh1+ 39. Kg3 Qc3+ 40. f3 Qe1+ 41. Kf4 Qd2+ 42. Kg3 a2 43. Ra5 f5 44. gxf5 Qxa5 45. Qxa5 a1Q 46. Qb6 Qe1+ 47. Kf4 Qd2+ 48. Ke4 Qg5 0-1

[Event "GER-chT U20"]
[Site "Kelbra"]
[Date "2006.12.27"]
[Round "1.3"]
[White "Schnock, Stefan"]
[Black "Popov, Roman1"]
[Result "1-0"]
[WhiteElo "2088"]
[BlackElo "1970"]
[PlyCount "77"]
[EventDate "2006.12.27"]
[EventType "team-swiss"]
[EventRounds "7"]
[EventCountry "GER"]
[SourceTitle "EXT 2008"]
[Source "ChessBase"]
[SourceDate "2007.11.25"]
[SourceVersion "1"]
[SourceVersionDate "2007.11.25"]
[SourceQuality "1"]
[WhiteTeam "Hamburger SK U20"]
[BlackTeam "Bindlach Aktionaer U20"]
[WhiteTeamCountry "GER"]
[BlackTeamCountry "GER"]

1. e4 c5 2. Nc3 Nc6 3. Bb5 g6 4. Nf3 Bg7 5. Bxc6 dxc6 6. d3 Qc7 7. Be3 b6 8. h3 Bd7 9. a4 a5 10. 0-0 e5 11. Nd2 Ne7 12. f4 0-0 13. Nc4 f6 14. Qe1 Rae8 15. Qg3 Be6 16. Nd2 f5 17. fxe5 Bxe5 18. Bf4 Bxf4 19. Rxf4 Rf7 20. Qh4 g5 21. Qxg5+ Rg7 22. Qh5 Bf7 23. Qh6 Ng6 24. Rf2 f4 25. Nf3 Re6 26. Ng5 Re5 27. Nf3 Re6 28. Nh4 Nxh4 29. Qxh4 Reg6 30. Ne2 f3 31. Nf4 Rg3 32. Raf1 Rxg2+ 33. Rxg2 Rxg2+ 34. Nxg2 Qd6 35. Kh1 c4 36. Rxf3 Qd4 37. c3 Qd7 38. e5 b5 39. Rg3+ 1-0

[Event "GER-chT U20"]
[Site "Berlin"]
[Date "2005.12.30"]
[Round "7.3"]
[White "Papaioannou, Dimitrios"]
[Black "Schnock, Stefan"]
[Result "1-0"]
[WhiteElo "2024"]
[BlackElo "2030"]
[PlyCount "97"]
[EventDate "2005.12.27"]
[EventType "team-swiss"]
[EventRounds "7"]
[EventCountry "GER"]
[SourceTitle "EXT 2022"]
[Source "ChessBase"]
[SourceDate "2021.10.06"]
[SourceVersion "1"]
[SourceVersionDate "2021.10.06"]
[SourceQuality "1"]
[WhiteTeam "Koeln Muelheim U20"]
[BlackTeam "Hamburger SK U20"]
[WhiteTeamCountry "GER"]
[BlackTeamCountry "GER"]

1. e4 e5 2. Nf3 Nc6 3. Bb5 a6 4. Ba4 Nf6 5. 0-0 Bc5 6. d3 d6 7. c3 Bg4 8. Be3 Ba7 9. Bxc6+ bxc6 10. Nbd2 0-0 11. h3 Bh5 12. Qa4 Qd7 13. Rfe1 Rfe8 14. Nh2 Bxe3 15. Rxe3 c5 16. Qxd7 Nxd7 17. Nc4 Reb8 18. Nf1 Nb6 19. Nfd2 f6 20. Rb1 a5 21. Kf1 Bf7 22. Re2 a4 23. Ke1 Kf8 24. Kd1 Ke7 25. Kc2 c6 26. Rf1 Nxc4 27. dxc4 Ra7 28. f3 Rab7 29. b3 axb3+ 30. axb3 Ra7 31. Rb1 Bg6 32. Ree1 d5 33. Ra1 Rab7 34. Ra6 Kd7 35. cxd5 cxd5 36. Rea1 dxe4 37. fxe4 f5 38. Nc4 Re8 39. Rd1+ Kc7 40. Nd6 Re6 41. Nb5+ Rxb5 42. Rxe6 fxe4 43. Rxe5 Kc6 44. Re6+ Kc7 45. Re7+ Kc6 46. Red7 Rb8 47. R1d6+ Kb5 48. c4+ Ka5 49. Ra7+ 1-0

[Event "Hamburg Junge op"]
[Site "Hamburg"]
[Date "2005.10.09"]
[Round "9"]
[White "Gottuk, Stefan"]
[Black "Schnock, Stefan"]
[Result "1/2-1/2"]
[WhiteElo "2280"]
[BlackElo "2030"]
[PlyCount "57"]
[EventDate "2005.10.01"]
[EventType "swiss"]
[EventRounds "9"]
[EventCountry "GER"]
[SourceTitle "CBM 108 Extra"]
[Source "ChessBase"]
[SourceDate "2005.11.04"]
[SourceVersion "1"]
[SourceVersionDate "2005.11.04"]
[SourceQuality "1"]

1. e4 e5 2. Bc4 Nf6 3. d3 Nc6 4. Nf3 a6 5. Ng5 d5 6. exd5 Na5 7. 0-0 b5 8. Qe1 bxc4 9. Qxa5 cxd3 10. Re1 dxc2 11. Rxe5+ Be7 12. Qa4+ Nd7 13. Nc3 h6 14. Re2 0-0 15. Nge4 f5 16. Ng3 Bd6 17. Nf1 f4 18. f3 Nc5 19. Qxc2 Bf5 20. Qd1 Rb8 21. Nd2 Bd3 22. Re1 Qf6 23. Nde4 Nxe4 24. Nxe4 Qd4+ 25. Kh1 Bb4 26. Rg1 Qxd5 27. a3 Be7 28. Nf2 Bc4 29. Qxd5+ 1/2-1/2

[Event "Hamburg Junge op"]
[Site "Hamburg"]
[Date "2005.10.07"]
[Round "5"]
[White "Opasiak, Dustin Tennessee"]
[Black "Schnock, Stefan"]
[Result "0-1"]
[WhiteElo "1683"]
[BlackElo "2030"]
[PlyCount "28"]
[EventDate "2005.10.01"]
[EventType "swiss"]
[EventRounds "9"]
[EventCountry "GER"]
[SourceTitle "CBM 108 Extra"]
[Source "ChessBase"]
[SourceDate "2005.11.04"]
[SourceVersion "1"]
[SourceVersionDate "2005.11.04"]
[SourceQuality "1"]

1. e4 e5 2. Nf3 Nc6 3. Bb5 a6 4. Bxc6 dxc6 5. 0-0 Bg4 6. h3 h5 7. d3 Qf6 8. Nbd2 Ne7 9. Re1 Ng6 10. hxg4 hxg4 11. Nh2 Bc5 12. Nhf3 Nf4 13. Nf1 gxf3 14. Qxf3 Nh3+ 0-1

[Event "Hamburg Junge op"]
[Site "Hamburg"]
[Date "2005.10.04"]
[Round "4"]
[White "Schnock, Stefan"]
[Black "Huschenbeth, Niclas"]
[Result "0-1"]
[WhiteElo "2030"]
[BlackElo "2248"]
[PlyCount "70"]
[EventDate "2005.10.01"]
[EventType "swiss"]
[EventRounds "9"]
[EventCountry "GER"]
[SourceTitle "CBM 108 Extra"]
[Source "ChessBase"]
[SourceDate "2005.11.04"]
[SourceVersion "1"]
[SourceVersionDate "2005.11.04"]
[SourceQuality "1"]

1. e4 c5 2. Nf3 Nc6 3. Bb5 g6 4. 0-0 Bg7 5. c3 e5 6. Na3 Nge7 7. Nc2 d5 8. d3 0-0 9. Bg5 a6 10. exd5 axb5 11. dxc6 bxc6 12. d4 cxd4 13. cxd4 e4 14. Nd2 f6 15. Be3 f5 16. Nb3 f4 17. Bd2 Nd5 18. Re1 Bf5 19. Nb4 Qd6 20. a3 g5 21. Rc1 Rac8 22. h4 gxh4 23. Nxd5 cxd5 24. Qh5 Qg6 25. Qxh4 f3 26. Qg5 fxg2 27. Qxg6 Bxg6 28. Kxg2 Rc4 29. Bc3 Bh6 30. Nd2 Rc6 31. Ra1 Rcf6 32. Rf1 Bh5 33. a4 Kh8 34. axb5 Be2 35. Nxe4 Bf3+ 0-1

[Event "Dresden ZMD op"]
[Site "Dresden"]
[Date "2005.07.26"]
[Round "4"]
[White "Schnock, Stefan"]
[Black "Rieling, Thomas"]
[Result "0-1"]
[WhiteElo "2038"]
[BlackElo "2191"]
[PlyCount "60"]
[EventDate "2005.07.23"]
[EventType "swiss"]
[EventRounds "9"]
[EventCountry "GER"]
[SourceTitle "EXT 2006"]
[Source "ChessBase"]
[SourceDate "2005.11.24"]
[SourceVersion "1"]
[SourceVersionDate "2005.11.24"]
[SourceQuality "1"]

1. e4 e5 2. Nf3 Nc6 3. Bb5 f5 4. Nc3 Nd4 5. exf5 c6 6. Ba4 Nf6 7. 0-0 d5 8. Re1 Nxf3+ 9. Qxf3 Be7 10. Rxe5 0-0 11. d4 Bd6 12. Bg5 Qc7 13. Bxf6 gxf6 14. Re3 Bxh2+ 15. Kh1 Bf4 16. Qg4+ Kh8 17. Rf3 Bd6 18. Re1 Qf7 19. Bb3 Rg8 20. Qh3 Bd7 21. Ne4 Rae8 22. Ree3 Bc7 23. Qh4 Rxe4 24. Rxe4 Qg7 25. g4 dxe4 26. Rh3 Re8 27. Qh5 Re7 28. c3 Bf4 29. Kg2 Be8 30. Qh4 Bf7 0-1

[Event "Dresden ZMD op"]
[Site "Dresden"]
[Date "2003.08.02"]
[Round "9"]
[White "Braun, Peter"]
[Black "Schnock, Stefan"]
[Result "1/2-1/2"]
[WhiteElo "2238"]
[BlackElo "2037"]
[PlyCount "102"]
[EventDate "2003.07.25"]
[EventType "swiss"]
[EventRounds "9"]
[EventCountry "GER"]
[SourceTitle "EXT 2004"]
[Source "ChessBase"]
[SourceDate "2003.11.25"]
[SourceVersion "1"]
[SourceVersionDate "2003.11.25"]
[SourceQuality "1"]

1. d4 d5 2. c4 Nc6 3. cxd5 Qxd5 4. e3 e5 5. Nc3 Bb4 6. Bd2 Bxc3 7. bxc3 Nge7 8. f3 0-0 9. Bd3 Qd6 10. Ne2 Be6 11. 0-0 Na5 12. Qc2 Bc4 13. Bxh7+ Kh8 14. Bd3 c5 15. e4 Qa6 16. Nc1 Bxd3 17. Qxd3 Qxd3 18. Nxd3 Nc4 19. Rfd1 cxd4 20. cxd4 exd4 21. Bb4 Rfe8 22. Bxe7 Rxe7 23. Nb4 Rd7 24. Nd5 Rad8 25. Rxd4 Ne3 26. Rb1 b6 27. Rb5 Nxd5 28. Rbxd5 Rxd5 29. exd5 Kg8 30. Kf2 Kf8 31. Ke3 Ke7 32. Re4+ Kd6 33. Rf4 Rd7 34. Kd4 Rc7 35. g4 b5 36. Rf5 a5 37. Kd3 b4 38. h4 g6 39. Rf6+ Kxd5 40. h5 Ke5 41. g5 Rc3+ 42. Kd2 Ra3 43. Rxf7 Rxa2+ 44. Kd3 gxh5 45. f4+ Kd5 46. g6 b3 47. Rf5+ Kc6 48. Kc3 Rg2 49. Rf6+ Kb5 50. Kxb3 a4+ 51. Ka3 Rg3+ 1/2-1/2

[Event "Dresden ZMD op"]
[Site "Dresden"]
[Date "2003.07.30"]
[Round "6"]
[White "Schnock, Stefan"]
[Black "Duppel, Tina"]
[Result "0-1"]
[WhiteElo "2037"]
[BlackElo "2212"]
[PlyCount "96"]
[EventDate "2003.07.25"]
[EventType "swiss"]
[EventRounds "9"]
[EventCountry "GER"]
[SourceTitle "EXT 2004"]
[Source "ChessBase"]
[SourceDate "2003.11.25"]
[SourceVersion "1"]
[SourceVersionDate "2003.11.25"]
[SourceQuality "1"]

1. e4 c5 2. Nc3 Nc6 3. Nf3 e5 4. Bc4 d6 5. d3 Be7 6. 0-0 Bg4 7. Be3 Nf6 8. Nd5 Nd4 9. Bxd4 cxd4 10. c3 dxc3 11. Qb3 0-0 12. bxc3 Bxf3 13. gxf3 Nxd5 14. Bxd5 Rb8 15. Rab1 Bg5 16. Kh1 Bf4 17. Rg1 Qh4 18. Rg2 Qh5 19. Qd1 b6 20. Rb4 Kh8 21. Ra4 a5 22. Rc4 Rbc8 23. Rxc8 Rxc8 24. Qb3 Qxf3 25. c4 Rb8 26. Qa3 Qd1+ 27. Rg1 Qh5 28. Rg2 Qh6 29. Qa4 Qh3 30. Qc6 Bxh2 31. Qc7 Bf4+ 32. Kg1 Rf8 33. Qxd6 Kg8 34. Qa3 Qf3 35. Qb3 Qe2 36. Qb1 h5 37. Qf1 Qf3 38. Bc6 h4 39. Bd7 h3 40. Bxh3 Rd8 41. Bg4 Qxd3 42. Qxd3 Rxd3 43. f3 Rd1+ 44. Kf2 Ra1 45. Bd7 Rxa2+ 46. Kf1 Ra1+ 47. Ke2 a4 48. Kd3 Rd1+ 0-1

[Event "Dresden ZMD op"]
[Site "Dresden"]
[Date "2003.07.27"]
[Round "3"]
[White "Schnock, Stefan"]
[Black "Berry, Stephen"]
[Result "0-1"]
[WhiteElo "2037"]
[BlackElo "2335"]
[PlyCount "68"]
[EventDate "2003.07.25"]
[EventType "swiss"]
[EventRounds "9"]
[EventCountry "GER"]
[SourceTitle "EXT 2004"]
[Source "ChessBase"]
[SourceDate "2003.11.25"]
[SourceVersion "1"]
[SourceVersionDate "2003.11.25"]
[SourceQuality "1"]

1. e4 Nf6 2. e5 Nd5 3. d4 d6 4. c4 Nb6 5. exd6 exd6 6. Bd3 Be7 7. Nc3 Nc6 8. Nge2 Bg4 9. Be3 Bh5 10. f4 Bh4+ 11. g3 Bf6 12. Qb3 0-0 13. 0-0-0 Re8 14. Bf2 a5 15. a3 h6 16. Rhg1 Bf3 17. g4 a4 18. Qa2 Na5 19. Kb1 d5 20. c5 Nbc4 21. Rg3 Bxe2 22. Nxe2 Bh4 23. Rg2 Bxf2 24. Rxf2 Qh4 25. Ng3 Qxg4 26. Rg1 Re3 27. Bf5 Rxg3 28. Bxg4 Rxg1+ 29. Kc2 Rxg4 30. Qb1 Re8 31. Kc3 Re3+ 32. Kb4 Rb3+ 33. Kxa4 b5+ 34. cxb6 cxb6 0-1

[Event "GER-ch U18"]
[Site "Willingen"]
[Date "2003.06.10"]
[Round "6"]
[White "Schnock, Stefan"]
[Black "Rehfeldt, Frank"]
[Result "0-1"]
[WhiteElo "2037"]
[BlackElo "1922"]
[PlyCount "96"]
[EventDate "2003.06.08"]
[EventType "swiss"]
[EventRounds "9"]
[EventCountry "GER"]
[SourceTitle "CBM 094 Extra"]
[Source "ChessBase"]
[SourceDate "2003.07.09"]
[SourceVersion "2"]
[SourceVersionDate "2003.07.09"]
[SourceQuality "1"]

1. e4 c6 2. Nc3 d5 3. Nf3 dxe4 4. Nxe4 Bg4 5. h3 Bh5 6. Ng3 Bxf3 7. Qxf3 Nf6 8. d3 e6 9. Bd2 Nbd7 10. 0-0-0 Qc7 11. Ne4 Nxe4 12. dxe4 Bd6 13. Qg4 Rg8 14. Qh4 h6 15. f4 Be7 16. Qf2 Bc5 17. Be3 Qb6 18. Bxc5 Qxc5 19. Qxc5 Nxc5 20. Bc4 Ke7 21. Rd4 Rad8 22. Rhd1 Rxd4 23. Rxd4 Rd8 24. Rxd8 Kxd8 25. f5 f6 26. b4 Nxe4 27. Bxe6 Ke7 28. c4 b6 29. Kc2 Kd6 30. Kd3 Ke5 31. Ke3 Ng3 32. a4 c5 33. bxc5 bxc5 34. Bc8 Nxf5+ 35. Kd3 a5 36. Bb7 Kf4 37. Bc6 Nd6 38. Bd5 h5 39. Bc6 Nf7 40. Bd5 Ne5+ 41. Ke2 h4 42. Kd2 Nd7 43. Bc6 Nb6 44. Kd3 g5 45. Bb5 f5 46. Bc6 Kg3 47. Kc3 g4 48. hxg4 fxg4 0-1

[Event "Hamburg HSK Elo op 4th"]
[Site "Hamburg"]
[Date "2003.05.03"]
[Round "1"]
[White "Hebbinghaus, Holger"]
[Black "Schnock, Stefan"]
[Result "1/2-1/2"]
[WhiteElo "2273"]
[BlackElo "2037"]
[PlyCount "39"]
[EventDate "2003.05.01"]
[EventType "swiss"]
[EventRounds "7"]
[EventCountry "GER"]
[SourceTitle "EXT 2019"]
[Source "ChessBase"]
[SourceDate "2018.10.10"]
[SourceVersion "1"]
[SourceVersionDate "2018.10.10"]
[SourceQuality "1"]

1. Nc3 g6 2. e4 d6 3. d4 Bg7 4. Be3 e5 5. dxe5 Bxe5 6. Qd2 Nc6 7. 0-0-0 Be6 8. Nf3 Bg7 9. Nd4 Nxd4 10. Bxd4 Bxd4 11. Qxd4 Qf6 12. Qe3 a6 13. f4 Ne7 14. Be2 0-0-0 15. Bf3 Kb8 16. Kb1 Rhe8 17. g3 Qg7 18. Qd4 Qxd4 19. Rxd4 Bd7 20. Re1 1/2-1/2

[Event "Hamburg HSK Elo op 4th"]
[Site "Hamburg"]
[Date "2003.05.03"]
[Round "3"]
[White "Stanke, Juergen"]
[Black "Schnock, Stefan"]
[Result "1-0"]
[WhiteElo "2322"]
[BlackElo "2037"]
[PlyCount "87"]
[EventDate "2003.05.01"]
[EventType "swiss"]
[EventRounds "7"]
[EventCountry "GER"]
[SourceTitle "EXT 2019"]
[Source "ChessBase"]
[SourceDate "2018.10.10"]
[SourceVersion "1"]
[SourceVersionDate "2018.10.10"]
[SourceQuality "1"]

1. d4 Nf6 2. c4 g6 3. Nc3 Bg7 4. e4 d6 5. Be2 0-0 6. Nf3 e5 7. 0-0 Nc6 8. d5 Ne7 9. Ne1 Nd7 10. Nd3 a5 11. Be3 f5 12. f3 f4 13. Bf2 b6 14. a3 Ba6 15. b3 Bf6 16. Nb2 Kg7 17. b4 axb4 18. axb4 Ng8 19. Qe1 Qe7 20. Bd1 Rfb8 21. Ba4 Bb7 22. Nd3 h5 23. Qe2 Bg5 24. Ra2 Ngf6 25. Rfa1 h4 26. h3 Nh5 27. Qd2 Ng3 28. Bb5 Rxa2 29. Rxa2 Bh6 30. Ra7 Kh8 31. Qa2 Bf8 32. Bxd7 Qxd7 33. Rxb7 Rxb7 34. Qa8 c5 35. dxc6 Qxc6 36. Qxf8+ Kh7 37. Nd5 g5 38. Bxg3 hxg3 39. Qf5+ Kh8 40. Ne7 Rxe7 41. Qf8+ Kh7 42. Qxe7+ Kh8 43. Qf6+ Kh7 44. Nxe5 1-0

[Event "GER-chT U16"]
[Site "Burg Stargard"]
[Date "2002.12.30"]
[Round "7.1"]
[White "Schnock, Stefan"]
[Black "Beck, Frederik"]
[Result "0-1"]
[WhiteElo "1876"]
[BlackElo "1825"]
[PlyCount "118"]
[EventDate "2002.12.27"]
[EventType "team-tourn"]
[EventRounds "7"]
[EventCountry "GER"]
[SourceTitle "CBM 092 Extra"]
[Source "ChessBase"]
[SourceDate "2003.03.07"]
[SourceVersion "1"]
[SourceVersionDate "2003.03.07"]
[SourceQuality "1"]

1. e4 e5 2. Nf3 Nc6 3. d4 exd4 4. Bc4 d6 5. c3 dxc3 6. Nxc3 Nf6 7. e5 Ng4 8. Bf4 Be7 9. exd6 cxd6 10. Nb5 0-0 11. 0-0 Nge5 12. Bb3 Bg4 13. Bd5 Qb6 14. a4 a6 15. Be3 Qa5 16. Nc3 Rab8 17. h3 Bh5 18. g4 Bg6 19. Ne1 Nd7 20. f4 h6 21. Nf3 Nb4 22. f5 Bh7 23. Bb3 Ne5 24. Qd2 Nbc6 25. Nd4 Nxd4 26. Bxd4 Bg5 27. Qf2 Rbe8 28. Rad1 Nc6 29. Nd5 Nxd4 30. Qxd4 Re2 31. Bc4 Re5 32. b4 Qxa4 33. Kh1 Rfe8 34. Nc3 Qc6+ 35. Bd5 Qc7 36. Ne4 Qd8 37. Kg2 Bf6 38. Nxf6+ Qxf6 39. Bf3 d5 40. Rf2 h5 41. Bxd5 Qg5 42. Bxb7 Bxf5 43. h4 Qg6 44. g5 Be4+ 45. Bxe4 Qxe4+ 46. Qxe4 Rxe4 47. Rd7 Rf8 48. Kh3 Rxb4 49. Ra7 Ra4 50. Rb2 g6 51. Rb6 Rc8 52. Raxa6 Rc3+ 53. Kg2 Rxh4 54. Ra5 Rg4+ 55. Kf2 h4 56. Rb8+ Kg7 57. Rb1 h3 58. Ra2 Rg2+ 59. Kf1 Rxa2 0-1

[Event "GER-chT U16"]
[Site "Burg Stargard"]
[Date "2002.12.29"]
[Round "5.1"]
[White "Schnock, Stefan"]
[Black "Werner, Daniel"]
[Result "1-0"]
[WhiteElo "1876"]
[BlackElo "2080"]
[PlyCount "39"]
[EventDate "2002.12.27"]
[EventType "team-tourn"]
[EventRounds "7"]
[EventCountry "GER"]
[SourceTitle "CBM 092 Extra"]
[Source "ChessBase"]
[SourceDate "2003.03.07"]
[SourceVersion "1"]
[SourceVersionDate "2003.03.07"]
[SourceQuality "1"]

1. e4 c5 2. Nc3 d6 3. f4 Nc6 4. Bc4 g6 5. Nf3 Bg7 6. 0-0 e6 7. d3 Nge7 8. Qe1 a6 9. a4 0-0 10. f5 exf5 11. Qh4 Qc7 12. Bh6 Re8 13. Bxf7+ Kxf7 14. Ng5+ Kg8 15. Bxg7 Kxg7 16. Qxh7+ Kf6 17. Qf7+ Kxg5 18. Rf3 Nd5 19. Rg3+ Kh4 20. Qxg6 1-0

[Event "GER-chT U16"]
[Site "Burg Stargard"]
[Date "2002.12.28"]
[Round "3.1"]
[White "Mass, Elvira"]
[Black "Schnock, Stefan"]
[Result "0-1"]
[WhiteElo "1803"]
[BlackElo "1876"]
[PlyCount "36"]
[EventDate "2002.12.27"]
[EventType "team-tourn"]
[EventRounds "7"]
[EventCountry "GER"]
[SourceTitle "CBM 092 Extra"]
[Source "ChessBase"]
[SourceDate "2003.03.07"]
[SourceVersion "1"]
[SourceVersionDate "2003.03.07"]
[SourceQuality "1"]

1. e4 e5 2. Nf3 Nc6 3. d4 exd4 4. Nxd4 Nf6 5. Nxc6 bxc6 6. e5 Nd5 7. c4 Nb6 8. Nd2 Qe7 9. Qe2 Qe6 10. a3 g6 11. f4 Bg7 12. Qe4 0-0 13. Bd3 Rb8 14. Rb1 d6 15. Qxc6 Bb7 16. Qxc7 Bxg2 17. Rg1 Qh3 18. Bf1 Qe3+ 0-1

[Event "GER-chT U16"]
[Site "Burg Stargard"]
[Date "2002.12.27"]
[Round "1.1"]
[White "Schnock, Stefan"]
[Black "Wagle, Rainer Georg"]
[Result "1-0"]
[WhiteElo "1876"]
[BlackElo "1808"]
[PlyCount "105"]
[EventDate "2002.12.27"]
[EventType "team-tourn"]
[EventRounds "7"]
[EventCountry "GER"]
[SourceTitle "CBM 092 Extra"]
[Source "ChessBase"]
[SourceDate "2003.03.07"]
[SourceVersion "1"]
[SourceVersionDate "2003.03.07"]
[SourceQuality "1"]

1. e4 d6 2. d4 Nf6 3. Nc3 g6 4. Bg5 Bg7 5. e5 dxe5 6. dxe5 Qxd1+ 7. Rxd1 Ng4 8. Nd5 Bxe5 9. h3 Nf6 10. Bxf6 exf6 11. f4 Bd6 12. Nxf6+ Kf8 13. Ne2 Nc6 14. Ne4 Bb4+ 15. c3 Ba5 16. N2g3 Kg7 17. Bc4 Bb6 18. Kd2 Na5 19. Bd3 Be6 20. b3 f5 21. Ng5 Bd5 22. Kc2 h6 23. Bxf5 hxg5 24. Rxd5 Rad8 25. Be4 Rxd5 26. Bxd5 gxf4 27. Ne2 Be3 28. Rf1 Rd8 29. Bf3 Kh6 30. Rd1 Rxd1 31. Kxd1 Nc6 32. Bxc6 bxc6 33. Kc2 Kg5 34. Kd3 Kf6 35. Ke4 Bd2 36. c4 g5 37. h4 a6 38. Nd4 gxh4 39. Nxc6 Kg5 40. Kf3 Be3 41. b4 Bd2 42. b5 a5 43. Nd4 Kf6 44. Nb3 Bc3 45. Kxf4 Bb4 46. a4 Bd6+ 47. Kg4 Bb4 48. Kxh4 Ke5 49. g4 Ke4 50. g5 Kd3 51. g6 Bf8 52. Nxa5 Kc3 53. c5 1-0

[Event "DLM U20"]
[Site "Werfen"]
[Date "2002.08.01"]
[Round "6.4"]
[White "Blenkers, Christian"]
[Black "Schnock, Stefan"]
[Result "0-1"]
[WhiteElo "2056"]
[BlackElo "1884"]
[PlyCount "60"]
[EventDate "2002.07.28"]
[EventType "team-swiss"]
[EventRounds "7"]
[EventCountry "GER"]
[SourceTitle "CBM 089 Extra"]
[Source "ChessBase"]
[SourceDate "2002.09.10"]
[SourceVersion "2"]
[SourceVersionDate "2002.09.10"]
[SourceQuality "1"]

1. e4 e5 2. Nf3 Nc6 3. Bc4 Bc5 4. c3 Nf6 5. d3 d6 6. Bg5 Be6 7. Bb5 h6 8. Bh4 Bd7 9. 0-0 Bb6 10. Nbd2 a6 11. Ba4 Qe7 12. Qc2 0-0-0 13. b4 g5 14. Bg3 h5 15. h4 gxh4 16. Bxh4 Rdg8 17. Bb3 Rg4 18. Nc4 Rhg8 19. Ne3 R4g6 20. g3 Bxe3 21. fxe3 Rxg3+ 22. Bxg3 Rxg3+ 23. Kf2 h4 24. Rg1 Ng4+ 25. Ke2 Rxf3 26. Raf1 Rxf1 27. Rxf1 Qg5 28. Qc1 Nh2 29. Rf2 Qg3 30. Qh1 Bg4+ 0-1

[Event "DLM U20"]
[Site "Werfen"]
[Date "2002.07.31"]
[Round "5.4"]
[White "Schnock, Stefan"]
[Black "Saur, Michael"]
[Result "0-1"]
[WhiteElo "1884"]
[BlackElo "2159"]
[PlyCount "130"]
[EventDate "2002.07.28"]
[EventType "team-swiss"]
[EventRounds "7"]
[EventCountry "GER"]
[SourceTitle "CBM 089 Extra"]
[Source "ChessBase"]
[SourceDate "2002.09.10"]
[SourceVersion "2"]
[SourceVersionDate "2002.09.10"]
[SourceQuality "1"]

1. e4 c5 2. Nf3 e6 3. d4 cxd4 4. Nxd4 a6 5. Nc3 Qc7 6. a3 Nf6 7. Be3 b5 8. f3 b4 9. axb4 Bxb4 10. Bd2 0-0 11. Bd3 d6 12. Na4 Bxd2+ 13. Qxd2 Nbd7 14. 0-0 Rd8 15. Qc3 Qa7 16. Kh1 Bb7 17. Nc6 Bxc6 18. Qxc6 Ne5 19. Qb6 Nxd3 20. Qxa7 Rxa7 21. cxd3 Rc8 22. Nc3 Rb8 23. Rfc1 Nd7 24. Na4 Kf8 25. Kg1 Ke7 26. Rc2 Nb6 27. Kf2 Nxa4 28. Rxa4 Rab7 29. Ra2 Rb6 30. Ke3 Kd7 31. Kd2 Rc8 32. Ra3 Rxc2+ 33. Kxc2 Rc6+ 34. Kd2 Kc7 35. Rb3 Rb6 36. Rc3+ Kb7 37. b3 Rc6 38. Rxc6 Kxc6 39. Kc3 Kc5 40. d4+ Kb5 41. b4 Kc6 42. Kc4 d5+ 43. Kc3 Kb6 44. Kb2 Kb5 45. Kb3 f6 46. e5 f5 47. f4 h6 48. h3 g5 49. fxg5 hxg5 50. g3 g4 51. h4 f4 52. h5 fxg3 53. h6 g2 54. h7 g1Q 55. h8Q Qb1+ 56. Kc3 Qxb4+ 57. Kc2 Qc4+ 58. Kb1 Qd3+ 59. Ka2 Qc4+ 60. Kb1 Qxd4 61. Qe8+ Kb4 62. Qxe6 g3 63. Qd6+ Qc5 64. Qb8+ Qb5 65. Qf8+ Kc3+ 0-1

[Event "DLM U20"]
[Site "Werfen"]
[Date "2002.07.29"]
[Round "2.4"]
[White "Nuesken, Nikolas"]
[Black "Schnock, Stefan"]
[Result "0-1"]
[WhiteElo "1969"]
[BlackElo "1884"]
[PlyCount "72"]
[EventDate "2002.07.28"]
[EventType "team-swiss"]
[EventRounds "7"]
[EventCountry "GER"]
[SourceTitle "CBM 089 Extra"]
[Source "ChessBase"]
[SourceDate "2002.09.10"]
[SourceVersion "2"]
[SourceVersionDate "2002.09.10"]
[SourceQuality "1"]

1. e4 e5 2. f4 exf4 3. Nf3 g5 4. h4 g4 5. Ne5 Nf6 6. d4 d6 7. Nd3 Nxe4 8. Bxf4 Bg7 9. Be2 h5 10. Nc3 Bf5 11. Nf2 Nxf2 12. Kxf2 Qf6 13. Bb5+ c6 14. Re1+ Kd7 15. Nd5 Qxd4+ 16. Kg3 Be6 17. Qe2 Qxd5 18. Rad1 Qxb5 19. Rxd6+ Kc8 20. Rxe6 Qxe2 21. R6xe2 b6 22. Re8+ Kb7 23. R1e7+ Ka6 24. Rxh8 Bxh8 25. Re8 Bxb2 26. Rxb8 Rxb8 27. Bxb8 Bf6 28. Bf4 Kb5 29. Bg5 Be5+ 30. Kf2 Kb4 31. Ke3 Kc3 32. Ke4 f6 33. Bh6 Bg3 34. Kf5 Bxh4 35. Kg6 Bf2 36. Kxh5 g3 0-1

[Event "DLM U20"]
[Site "Werfen"]
[Date "2002.07.28"]
[Round "1.4"]
[White "Schnock, Stefan"]
[Black "Zelba, Maurizio"]
[Result "0-1"]
[WhiteElo "1884"]
[BlackElo "1924"]
[PlyCount "65"]
[EventDate "2002.07.28"]
[EventType "team-swiss"]
[EventRounds "7"]
[EventCountry "GER"]
[SourceTitle "CBM 089 Extra"]
[Source "ChessBase"]
[SourceDate "2002.09.10"]
[SourceVersion "2"]
[SourceVersionDate "2002.09.10"]
[SourceQuality "1"]

1. e4 c5 2. Nc3 Nc6 3. g3 g6 4. Bg2 Bg7 5. f4 e6 6. d3 Nge7 7. Nf3 0-0 8. 0-0 d6 9. Kh1 Rb8 10. a4 a6 11. Qe2 b5 12. axb5 axb5 13. Bd2 Qc7 14. Nd1 Nd4 15. Nxd4 cxd4 16. Ba5 Qc5 17. c3 Nc6 18. Bc7 Rb7 19. b4 Nxb4 20. Bxd6 Qxd6 21. e5 Qb6 22. cxb4 Ra7 23. Nf2 Bb7 24. Bxb7 Qxb7+ 25. Qe4 Rc8 26. Qxb7 Rxb7 27. Ne4 Bf8 28. Rfb1 Rbb8 29. Ra7 Ra8 30. Rd7 Rc2 31. Ng5 Raa2 32. Nf3 Rf2 33. Ne1 0-1